Англо-український тлумацький словник з обчислювальної техніки, інтернету і програмування (Запис № 330108)

МАРК-запис
000 -Лідер
fixed length control field 00905nam a22002657a 4500
003 - Ідентифікатор контрольного номера
control field UA-OsUOA
001 - Контрольний номер
control field 43992
007 - Фіксоване поле фізичного опису
fixed length control field ta
008 - Елементи даних фіксованої довжини – загальна інформація
fixed length control field 20070201b un ||||| |||| 00| 0 ukr d
090 ## - Локальний шифр розміщення
Класифікаційний індекс УДК 004(038)=111
Авторський знак (НП) П80
040 ## - Джерело каталогізації
Агенція оригінальної каталогізації UA-OsUOA
Мова каталогізації ukr
Агенція, яка здійснювала перезапис UA-OsUOA
Агенція, яка здійснювала модифікацію UA-OsUOA
041 ## - Код мови
Код мови тексту/ звукової доріжки чи окремого заголовка (П) ukr
080 ## - Індекс Універсальної десяткової класифікації
Індекс Універсальної десяткової класифікації (УДК) (НП) 004(038)=111
020 ## - Міжнародний стандартний книжковий номер (ISBN)
Міжнародний стандартний книжковий номер (ISBN) (НП) 966-530-027-Х
100 ## - Основне введення – ім’я особи
Ім’я особи (НП) Пройдаков Е.М.
245 ## - Відомості про назву
Назва (НП) Англо-український тлумацький словник з обчислювальної техніки, інтернету і програмування
260 ## - Публікація, розповсюдження і т.п. (Вихідні дані)
Місце публікації, розповсюдження і т.п. (П) К.
Ім’я/ наймення видавництва, розповсюджувача і т.п. (П) СофтПрес
Дата публікації, розповсюдження і т.п. (П) 2006
250 ## - Відомості про видання (редакцію)
-- Видання друге, доповнене і доопрацьоване
300 ## - Фізичний опис
Обсяг 823 с.
650 #7 - Додаткове предметне введення – тематичний термін
Тематичний термін чи географічна назва, як елемент введення (НП) 00 Загальні питання науки і культури
Джерело заголовка чи терміна UDC
700 ## - Додаткове введення – ім'я особи
Ім’я особи (НП) Теплицький Л.А.
942 ## - Додаткові елементи входу (Коха)
Тип елемента Koha Книги
955 ## - Код типу видання за змістом
Код типу видання за змістом (НП) Навчальні видання
Фонди
Стан вилучень Стан втрат Джерело класифікації або схеми стелажів Стан уражень Не для кредиту Постійне місце розташування Поточне розміщення Дата придбання Джерело придбання Вартість, звичайна ціна покупки Інвентарний номер Усього замовленно Повний номер виклику Штрих-код Дата останнього перегляду Ціна ефективна від Тип елемента Koha Дата останньої перевірки
    Universal Decimal Classification     АБ - Абонемент НБ АБ - Абонемент НБ 03/03/2007 44/2007 10.00 103764   004(038)=111 П80 103764 20/10/2021 01/02/2007 Книги  
    Universal Decimal Classification     ЧЗ - Читальна зала ЧЗ - Читальна зала 01/02/2007 11/2007 7.00 102714   004(038)=111 П80 102714 09/02/2022 01/02/2007 Книги  
    Universal Decimal Classification     ЧЗ - Читальна зала ЧЗ - Читальна зала 01/02/2007 11/2007 7.00 102715 1 004(038)=111 П80 102715 22/05/2023 01/02/2007 Книги 02/05/2023
    Universal Decimal Classification     ЧЗ - Читальна зала ЧЗ - Читальна зала 01/02/2007 11/2007 7.00 102716   004(038)=111 П80 102716 07/02/2022 01/02/2007 Книги